DR DOS 6.0 Kompletní průvodce

Guardado en:
Detalles Bibliográficos
Autor principal: Benyovszký, Štěpán
Formato: Libro
Lenguaje:checo
Publicado: Praha Grada 1993
Edición:1. vyd.
Materias:
Etiquetas: Agregar Etiqueta
Sin Etiquetas, Sea el primero en etiquetar este registro!

MARC

LEADER 00000nam a2200000 4500
001 c005692
005 20221206074351.2
020 |a 80-85623-58-7 
041 0 |a cze 
044 |a CZ 
245 1 0 |a DR DOS 6.0  |b Kompletní průvodce  |c Štěpán Benyovszký 
250 |a 1. vyd. 
264 1 |a Praha  |b Grada  |c 1993 
300 |a 482 s. 
610 2 0 |a DR DOS 
610 2 0 |a softvér 
610 2 0 |a systémy operačné 
610 2 0 |a MS-DOS 
100 1 |a Benyovszký, Štěpán